|
|
|
|
| LEADER |
00000cam a2200000 a 4500 |
| 001 |
vtls008376091 |
| 003 |
SK-MaSNL |
| 005 |
20260301204946.0 |
| 008 |
230403s1950 xo 000 0 slo |
| 015 |
|
|
|a SNBA19451955-004556
|
| 035 |
|
|
|a SK01SNKBKSFS20010068308
|
| 035 |
|
|
|a urn:nbn:sk:snk-am3hz1m
|
| 035 |
|
|
|a B4CDA87E-D1DE-406C-AF6F-A9401AEE258B
|
| 035 |
|
|
|a urn:nbn:sk:snk-am00de1z
|
| 035 |
|
|
|a SKM000070771
|
| 040 |
|
|
|a SNK
|b slo
|c SNK
|e AACR2
|
| 041 |
0 |
|
|a slo
|
| 044 |
|
|
|a xo
|c SK
|
| 080 |
|
|
|a 323(497.2)
|2 1981
|
| 100 |
1 |
|
|a Janči, Štefan
|4 aut
|9 269548
|
| 245 |
1 |
0 |
|a Bulharsko v boji a budovaní
|c Štefan Janči
|
| 260 |
|
|
|a Bratislava
|b Dukla
|c 1950
|e Bratislava
|f Pravda
|
| 300 |
|
|
|a 58, [5] s.
|c V. 8°
|
| 366 |
|
|
|e 10000 výtl.
|
| 490 |
1 |
|
|a SĽUB
|v sv. 4
|
| 650 |
0 |
7 |
|a socializmus
|2 SNKPH
|9 2151
|
| 651 |
|
7 |
|a Bulharsko
|2 SNKPHgeo
|9 20172
|
| 655 |
|
7 |
|a príručky
|2 SNKPH
|9 74364
|
| 830 |
|
0 |
|a SĽUB
|9 365752
|
| 852 |
|
|
|a Slovenská národná knižnica
|
| 954 |
|
|
|a odborná, vedecká literatúra pôvodná (slovenská)
|2 lita
|
| 958 |
|
|
|a RK
|
| 958 |
|
|
|a TL
|
| 958 |
|
|
|a OND
|
| 958 |
|
|
|a EUIPO
|
| 999 |
|
|
|c 908367
|d 910297
|
| 952 |
|
|
|a SNK
|b SNK
|y VYP
|7 0
|p 17A0655229
|o snkSD 6957/4 D1
|i snkKSF 943/57
|8 5
|0 0
|1 0
|4 0
|d 2010-07-23
|l 0
|r 2026-02-24 07:35:59
|w 2026-02-24
|
| 952 |
|
|
|a SNK
|b SNK
|y PREZ
|7 0
|p 17A0912126
|o snkSD 6957/4
|i snk5282/50
|0 0
|1 0
|4 0
|d 2019-09-11
|f 1
|l 0
|r 2025-11-17 00:00:00
|w 2026-02-24
|